Statistiques concernant Cinéma commençant par la lettre O

Cliquez ici pour prendre le quiz!

Statistiques générales

  • Ce quiz a été pris 534 fois
  • Le résultat moyen est 4 sur 12

Statistiques - réponses

HintRéponse% Correct
Cérémonie dédiée au cinéma, présentée depuis 1929Oscars
99%
Actrice, sœur de célèbres jumelles, ayant interprété la Sorcière RougeElizabeth Olsen
57%
Film de casse sorti en 2001, ayant donné lieu à deux suites et un spin-offOcean's Eleven
51%
Film controversé de 1970, présentant le personnage d'Alex DeLargeOrange mécanique
39%
Acteur récompensé pour son interprétation de Winston Churchill en 2017Gary Oldman
33%
Film coréen de 2003, dont Spike Lee réalise un remake 10 ans plus tardOld Boy
33%
Comédie avec George Clooney, librement inspirée de l'Odyssée d'HomèreO'Brother
29%
Acteur britannique ayant incarné Lawrence d'ArabiePeter O'Toole
27%
Cinéaste japonais, évoquant souvent la famille et les écarts générationnelsYasujirō Ozu
14%
A réalisé et tourné dans une trilogie d'adaptations de ShakespeareLaurence Olivier
8%
Actrice rohmérienne, disparue à 25 ans après Les nuits de la pleine lunePascale Ogier
8%
Cinéaste français innovant, auteur de La Ronde et Le PlaisirMax Ophüls
7%

Distribution des résultats

Percentile par nombre de réponses

% des personnes avec chaque résultat

Votre développement - résultats

Vous n’avez pas pris ce quiz